Elementos de Cosmografía. Obra traducida al castellano, con modificaciones para arreglarla al programa aprobado por la Universidad de Chile, por Gabriel izquierdo
Saved in:
| Hovedforfatter: | |
|---|---|
| Format: | Bog |
| Sprog: | spansk |
| Udgivet: |
Santiago
Librería Central, de Augusto Raymond, calle de los Huérfanos, número 29 B
1869
|
| Udgivelse: | 1a. ed |
| Fag: | |
| Tags: |
Tilføj Tag
Ingen Tags, Vær først til at tagge denne postø!
|
MARC
| LEADER | 00000nam a2200000 a 4500 | ||
|---|---|---|---|
| 001 | UCJ8266 | ||
| 003 | CL-VaPUC | ||
| 008 | 070124e18690000CL |||||||||||||||||spa|d | ||
| 082 | 0 | 4 | |a 523 |b GUI |2 21 |
| 100 | 0 | |a Guillemin, A. |e author |9 517011 | |
| 245 | 1 | 0 | |a Elementos de Cosmografía. Obra traducida al castellano, con modificaciones para arreglarla al programa aprobado por la Universidad de Chile, por Gabriel izquierdo |
| 250 | |a 1a. ed | ||
| 300 | |a pág. irreg | ||
| 942 | |c BK | ||
| 945 | |d 20070124 00:00:00 |a rinostro | ||
| 260 | |a Santiago |b Librería Central, de Augusto Raymond, calle de los Huérfanos, número 29 B |c 1869 | ||
| 500 | |a Ex libris de D. Emiliano Bordalí, con su fotografía | ||
| 600 | 0 | 7 | |a BORDALI H., EMILIANO |2 CL-VaPUC |9 517012 |
| 650 | 7 | |a GEOGRAFIA MATEMATICA |2 CL-VaPUC |9 506505 | |
| 650 | 0 | |a Cosmografía |9 255932 | |
| 650 | 0 | |a Ilustraciones |9 369481 | |
| 650 | 7 | |a EX LIBRIS |2 CL-VaPUC |9 505186 | |
| 583 | |a last modification |c 20070124 00:00:00 |k Rodrigo Vera | ||
| 999 | |c 324041 |d 324039 | ||
| 952 | |0 0 |1 0 |4 0 |6 523_000000000000000_GUI_1869 |7 0 |8 X |9 403937 |a FDOBUD |b FDOBUD |d 2019-11-22 |i 1075284 |o 523 GUI 1869 |p 1075284 |r 2019-11-22 |w 2019-11-22 |y BK_X |k BUD | ||